| 000 | 00706nam a2200241aa 4500 | ||
|---|---|---|---|
| 003 | OSt | ||
| 005 | 20151117094922.0 | ||
| 008 | 020226s1985 esp 0011 spa d | ||
| 020 | _a84-320-3934-9 | ||
| 040 | _cBMC | ||
| 082 | _a842 | ||
| 100 | 1 |
_aCorneille, Pierre _9588 _d1606-1684 |
|
| 245 | 1 | 3 |
_aEl Cid _b; Horacio _cPierre Corneille ; introducción, Caridad Martínez; traducción, Mauro Armiño |
| 250 | _a1ª ed | ||
| 260 |
_aBarcelona _bPlaneta _c1985 |
||
| 300 |
_aXLII, 156 p. _c17 cm |
||
| 490 | 0 |
_aClásicos universales Planeta _v103 |
|
| 650 | 2 | 4 |
_99596 _aTeatro francés |
| 700 | 1 |
_aMartínez, Caridad _937362 |
|
| 700 | 1 |
_aArmiño, Mauro _93472 |
|
| 740 | 0 | _aHoracio. | |
| 942 |
_2ddc _cBK |
||
| 999 |
_c23547 _d23547 |
||